000 01883nam0a22003971 4500
001 v19\rc\1830651
005 20260406142102.0
035 _a(NLR Aleph) 004940003
090 _a5770951
_c5770951
100 _a20071224d1908 u y0rusy50 ca
101 0 _arus
102 _aRU
105 _aa z ||||b
200 1 _aПолное собрание сочинений Н.В. Гоголя
_eС жизнеописанием писателя, портр., рис., относящимися к его жизни и с 32 отд. карт. худож. В.А. Табурина
_fПод ред. П.В. Быкова
205 _a1-е стереотип. изд.
210 _aСанкт-Петербург
_aМосква
_cт-во М.О. Вольф
_d[1908]
_gтип. т-ва М.О. Вольф в Спб.
215 _a[995] с. разд. паг., 1 л. фронт. (ил.), [31] л. ил.
_cил.
_d26
532 1 0 _aПолное собрание сочинений Николая Васильевича Гоголя
700 1 _8rus
_7ca
_aГоголь
_bН. В.
_f1809-1852
_gНиколай Васильевич
_3RU\NLR\AUTH\773480
_9113476
702 1 _4340
_8rus
_7ca
_aБыков
_bП. В.
_cписатель
_f1843-1930
_gПетр Васильевич
_3RU\NLR\AUTH\7755574
_938506
702 1 _4440
_8rus
_7ca
_aТабурин
_bВ. А.
_cхудожник, дет. писатель
_f1870-1954
_gВладимир Амосович
_3RU\NLR\AUTH\7753392
_936324
790 1 _6z01702
_aТабурин
_bВ.А.
801 0 _aRU
_bNLR
_gpsbo
801 0 _aRU
_bRuMoRGB
_2psbo
801 1 _aRU
_bProSoft-M
_2rusmarc
801 2 _aRU
_bNLR
_c20140127
_2rusmarc
852 _aNLR
_j38.27.3.40
852 _aNLR
_j37.10.3.22
899 _aRuMoRGB
_jM 34/58
899 _aRuMoRGB
_jМК
899 _aRuMoRGB
_jV 12/21
899 _aБАН
899 _aГПИБ
899 _aНБ МГУ
942 _cBOOK
980 _aNB